000 00688nam a22002057a 4500
003 UA-OsUOA
001 87683
007 ta
008 20120921b un ||||| |||| 00| 0 ukr d
090 _a821.161.2
_bБ67
942 _cBK
040 _aUA-OsUOA
_bukr
_cUA-OsUOA
_dUA-OsUOA
245 _aБіля райських воріт
_bзбірник атеїстичного фольклору українського населення Карпат
_cупор. Сенька І. М.
300 _a272 с.
955 _a3
041 _aukr
080 _a821.161.2
260 _aУжгород
_bКарпати
_c1980
650 7 _a82 Література. Літературознавство
_2UDC
999 _c373693
_d373693